| 000 | 00447nam a22001457a 4500 | ||
|---|---|---|---|
| 003 | OSt | ||
| 005 | 20150929172346.0 | ||
| 008 | 150929b xxu||||| |||| 00| 0 eng d | ||
| 040 | _cRUA | ||
| 082 | _aAGR CHA 2002 B061 Or.1 | ||
| 100 |
_91579 _aCHAY SEAKHY |
||
| 245 | _aContribution a la collection des varietes des concombers a la station experimentale de l'university royaled d' agriculture, | ||
| 300 |
_a44p. _bill. _c29cm. |
||
| 942 |
_2ddc _cAGR |
||
| 999 |
_c1490 _d1490 |
||